ბათუმის შოთა რუსთაველის სახელმწიფო უნივერსიტეტის ბიბლიოთეკა

წელიწდეული : XI : (ბიბ.ჩანაწერი № 58478)

000 -ლიდერი
ფიქსირებული სიგრძის საკონტროლო ველი 01678nam a22002537a 4500
003 - საკონტროლო ნომრის იდენტიფიკატორი
საკონტროლო ველი Ge_BSU
005 - ბოლო ოპერაციის თარიღი და დრო
საკონტროლო ველი 20221020120906.0
008 - ფიქსირებული სიგრძის მონაცემთა ელემენტები - ზოგადი ინფორმაცია
ფიქსირებული სიგრძის საკონტროლო ველი 220325s2019 ge ||||| |||| 00| 0 geo d
020 ## - წიგნის საერთაშორისო სტანდარტული ნომერი
International Standard Book Number 1987-9288
041 ## - ენის კოდი
Language code of text/sound track or separate title geo
080 ## - უნივერსალური ათობითი კლასიფიკაციის ინდექსი
Universal Decimal Classification number 001(479.22)(058) წ-35
245 ## - ცნობა სათაურის შესახებ
Title წელიწდეული : XI :
Remainder of title ეძღვნება ქართველ საზოგადო მოღვაწეს, მწერალსა და მთარგმნელს ივანე მაჩაბელს /
Statement of responsibility, etc ქუთაისის ილია ჭავჭავაძის სახელობის საჯარო ბიბლიოთეკა ; სარედ. საბჭო იოსებ ასათიანი, ნომადი ბართაია ; პროექტის დირექტ. გრიგოლ ქობალიანი.
264 ## - წარმოების, გამოცემის, დისტრიბუციის და სხვა ცნობები
გამოცემის, წარმოების, დისტრიბუციის... ადგილი ქუთაისი,
გამოცემის, წარმოების, დისტრიბუციის... თარიღი 2018.
300 ## - ფიზიკური აღწერა
Extent 242 გვ.
Other physical details 24 სმ.
500 ## - ზოგადი შენიშვნა
General note პარალ. სათ. ინგლ.
504 ## - BIBLIOGRAPHY, ETC. NOTE
Bibliography, etc ბიბლიოგრ. თავების ბოლოს
653 ## - INDEX TERM--UNCONTROLLED
Uncontrolled term წელიწდეული
653 ## - INDEX TERM--UNCONTROLLED
Uncontrolled term ივანე მაჩაბელის მოღვაწეობა
700 ## - ADDED ENTRY--PERSONAL NAME
Personal name ასათიანი, იოსებ
Relator term რედაქტორი
9 (RLIN) 80
700 ## - ADDED ENTRY--PERSONAL NAME
Personal name ბართაია, ნომადი
Relator term რედაქტორი
9 (RLIN) 81
700 ## - ADDED ENTRY--PERSONAL NAME
Personal name ქობალიანი, გრიგოლ
Relator term პროექტის დირექტორი
9 (RLIN) 13620
856 ## - ELECTRONIC LOCATION AND ACCESS
Uniform Resource Identifier https://dspace.nplg.gov.ge/bitstream/1234/329337/1/Weliwdeuli_XI.pdf
Link text ელ. ვერსია. pdf
942 ## - ADDED ENTRY ELEMENTS (KOHA)
Source of classification or shelving scheme
Koha item type წიგნი
ეგზემპლარები
ჩამოწერის სტატუსი დაკარგული ეგზემპლარის სტატუსი კლასიფიკაციის წყარო ან თაროზე გაწყობის სქემა დაზიანების სტატუსი არ გაიცემა მუდმივი მდებარეობა (დაცვის ადგილი) ამჟამინდელი ადგილსამყოფელი თაროზე განთავსების ადგილი შეძენის თარიღი ღირებულება, შესყიდვის ნორმალური ფასი სრული შენახვის შიფრი შტრიხკოდი ბოლო ოპერაციის თარიღი ეგზემპლარის მიმდევრობითი ნომერი (კეტერი?) ფასის ძალაში შესვლის თარიღი ეგზემპლარის სახეობა საჯარო შენიშვნა
          ბათუმის შოთა რუსთაველის სახელმწიფო უნივერსიტეტის მთავარი ბიბლიოთეკა ბათუმის შოთა რუსთაველის სახელმწიფო უნივერსიტეტის მთავარი ბიბლიოთეკა წიგნსაცავი 2022-03-25 5.00 001(479.22)(058) წ-35 62203 2022-03-25 62203 2022-03-25 წიგნი 5 ლ.